Rabia dictionary of biology ( english to urdu ) (Record no. 480074)
[ view plain ]
| 000 -LEADER | |
|---|---|
| fixed length control field | 00453nam a22001577a 4500 |
| 003 - CONTROL NUMBER IDENTIFIER | |
| control field | ASAB |
| 005 - DATE AND TIME OF LATEST TRANSACTION | |
| control field | 20180827062629.0 |
| 008 - FIXED-LENGTH DATA ELEMENTS--GENERAL INFORMATION | |
| fixed length control field | 160421t xxu||||| |||| 00| 0 eng d |
| 040 ## - CATALOGING SOURCE | |
| Transcribing agency | ASAB |
| 082 ## - DEWEY DECIMAL CLASSIFICATION NUMBER | |
| Classification number | 570.3 |
| 245 ## - TITLE STATEMENT | |
| Title | Rabia dictionary of biology ( english to urdu ) |
| Statement of responsibility, etc. | by Rabia Research Center |
| 260 ## - PUBLICATION, DISTRIBUTION, ETC. | |
| Place of publication, distribution, etc. | Lahore, Pakistan |
| Name of publisher, distributor, etc. | Rabia book House, Nadeem A. Sheikh |
| Date of publication, distribution, etc. | N/A |
| 300 ## - PHYSICAL DESCRIPTION | |
| Extent | 376 p |
| 630 ## - SUBJECT ADDED ENTRY--UNIFORM TITLE | |
| Uniform title | Dictionary of Biology |
| 9 (RLIN) | 4099 |
| 942 ## - ADDED ENTRY ELEMENTS (KOHA) | |
| Source of classification or shelving scheme | |
| Koha item type | Book |
| Withdrawn status | Lost status | Source of classification or shelving scheme | Damaged status | Not for loan | Collection code | Permanent Location | Current Location | Date acquired | Full call number | Barcode | Date last seen | Price effective from | Koha item type |
|---|---|---|---|---|---|---|---|---|---|---|---|---|---|
| Central Library (CL) | Central Library (CL) | 04/21/2016 | 570.3 RAB | ASAB2280 | 04/21/2016 | 04/21/2016 | Reference |
